000 00496cam a22001814a 4500
005 20250605164244.0
008 250528s ||||||||||||||||||||||||d
035 _a21431
040 _aGR-AtMCL
_bgre
_dGR-AtMCL
_eAACR2
245 1 _aΔΙΚΤΥΑ ΚΑΙ ΕΠΙΚΟΙΝΩΝΙΕΣ ΠΡΟΣΩΠΙΚΩΝ ΥΠΟΛΟΓΙΣΤΩΝ
250 _a1
260 _bΓκιουρδας,
_c1991
300 _a425
700 1 _aDerfler Jr Frank J
_97469
942 _cBK
999 _c6493
_d6493